000 00797nam a22002657a 4500
001 00105
003 DO-SdBNP
005 20230313115212.0
007 00105
008 160317b 1984 sp|||| 00| 0 spa d
020 _a8424155254
040 _aBPMSU
_bspa
_cBPMSU
082 4 _a839.81
_bA544p 1984
_222
100 1 _a Andersen, Hans Christian,
_d 1805-1875.
245 0 0 _aEl patito feo /
_cHans Christian Andersen ; ilustrado por Tiziana Gironi
_b
250 _a3a. ed.
260 _aLeón, España :
_bEditorial Everest,
_c1984
300 _a47p. :
_bil., ;
_c28 cm.
490 0 _aCuentos de hadas Everest
590 _6Inventariado, 2023/VM
650 4 _aCuentos infantiles daneses.
700 1 _aGironi, Tiziana
_eil.
910 _aVMateo V. Control de calidad (BPMSU)
942 _2ddc
_cBK
999 _c14375
_d14375